• 首页
  • 本馆介绍
  • 公告通知
  • 最新文献
  • 馆藏检索
  • 电子资源
  • 读者导购
  • 参考咨询
  • 我的图书馆
  • 登录
  • 详细信息显示
  • 放入我的书架
  • 预约/预借图书
  • 作者相关作品
  • 分类相关作品
  • 丛书相关作品
  • 出版社相关作品

书目信息

  • 表格格式
  • 工作单格式
  • 卡片格式
题名:
欧文教你踢足球
    
 
作者: 欧文 , 哈里森 著 ;屈涛 译
分册:  
出版信息: 长沙   湖南文艺出版社  2004
页数: 125页
开本: 24cm
丛书名: 奔跑者丛书
单 册:
中图分类: G843.19
科图分类:
主题词: 足球运动--运动技术
电子资源:
ISBN: 7-5404-3328-0
000 00986oam2 2200277 45
001 002678746
005 20050111080849.1
010    @a7-5404-3328-0@dCNY29.80
100    @a20040709d2004 em y0chiy0110 ea
101 1  @achi@ceng
102    @aCN@b430000
105    @aa z 000yy
200 1  @a欧文教你踢足球@Aou wen jiao ni ti zu qiu@dMichael Owen's Soccer Skills@f(英)迈克尔·欧文,(英)大卫·哈里森著@F(Ying)Mai Ke Er·Ou Wen,(Ying)Da Wei·Ha Li Sen Zhu@g屈涛译
210    @a长沙@c湖南文艺出版社@d2004
215    @a125页@c照片@d24cm
225 2  @a奔跑者丛书
300    @a史上首部足球明星示范教学书
330    @a本书结合大量插图,从介绍球星足球生涯、足球基本知识知识入手,进行英国足协传统方式的训练,并提供了大量热身、避免受伤等的建议。
410    @12001 @a奔跑者丛书
606 0  @a足球运动@x运动技术
690    @aG843.19@v4
701  0 @a欧文@4著
701  0 @a哈里森@4著
702  0 @a屈涛@AQu Tao@4译
801  0 @aCN@bNLC@c20040901
905    @b341995-999@dG843.19@e183@f5
    
    欧文教你踢足球=Michael Owen's Soccer Skills/(英)迈克尔·欧文,(英)大卫·哈里森著/屈涛译.-长沙:湖南文艺出版社,2004
    125页:照片;24cm.-(奔跑者丛书)
    史上首部足球明星示范教学书
    
    ISBN 7-5404-3328-0:CNY29.80
    本书结合大量插图,从介绍球星足球生涯、足球基本知识知识入手,进行英国足协传统方式的训练,并提供了大量热身、避免受伤等的建议。
●
相关链接 在E读中查询图书 在五车中查询图书 在当当中查询图书 在豆瓣中查询图书


正题名:欧文教你踢足球     索取号:G843.19/183         预约/预借

序号 登录号 条形码 馆藏地/架位号 状态 备注
1 0341995   203419951   第一样本阅览室/ [索取号:G843.19/183] 在馆    
2 0341996   203419960   第四借阅区/ [索取号:G843.19/183] 在馆    
3 0341997   203419979   第四借阅区/ [索取号:G843.19/183] 在馆    
4 0341998   203419988   第四借阅区/ [索取号:G843.19/183] 在馆    
5 0341999   203419997   第四借阅区/ [索取号:G843.19/183] 在馆    
唐山师范学院图书馆 欢迎您!
大连网信软件有限公司© 版权所有